Central Library OPAC University of Rajshahi

Reason and belief / (Record no. 30399)

MARC details
000 -LEADER
fixed length control field 00850cam a2200289 i 4500
001 - CONTROL NUMBER
control field 30399
003 - CONTROL NUMBER IDENTIFIER
rucl marc code BD-RjUL
005 - DATE AND TIME OF LATEST TRANSACTION
control field 20211209051546.0
008 - FIXED-LENGTH DATA ELEMENTS--GENERAL INFORMATION
fixed length control field 140409t19741974U b 001 0 eng
020 ## - INTERNATIONAL STANDARD BOOK NUMBER
International Standard Book Number 0300018258 :
035 ## - SYSTEM CONTROL NUMBER
System control number (BD-RjUL)30484
040 ## - CATALOGING SOURCE
Original cataloging agency DLC
Transcribing agency DLC
Modifying agency DLC
Language of cataloging eng
041 ## - LANGUAGE CODE
Language code of text/sound track or separate title eng
082 00 - DEWEY DECIMAL CLASSIFICATION NUMBER
Classification number 201.1
Author mark and year BLR 1974
100 1# - MAIN ENTRY--PERSONAL NAME
Personal name Blanshard, Brand,
Dates associated with a name 1892-1987.
9 (RLIN) 92032
245 10 - TITLE STATEMENT
Title Reason and belief /
Statement of responsibility, etc. Brand Blanshard.
260 ## - PUBLICATION, DISTRIBUTION, ETC. (IMPRINT)
Place of publication, distribution, etc. New Haven :
Name of publisher, distributor, etc. Yale University Press,
Date of publication, distribution, etc. c1974.
300 ## - PHYSICAL DESCRIPTION
Pagination 620 p. ;
Size 23 cm.
504 ## - BIBLIOGRAPHY, ETC. NOTE
Bibliography, etc Includes bibliographical references and index.
650 #0 - SUBJECT ADDED ENTRY--TOPICAL TERM
Topical term or geographic name as entry element Faith and reason
General subdivision Christianity.
9 (RLIN) 90387
Topical term or geographic name as entry element Revelation
General subdivision Christianity.
9 (RLIN) 92381
Topical term or geographic name as entry element Christian ethics.
9 (RLIN) 92382
Topical term or geographic name as entry element Rationalism.
9 (RLIN) 92383
942 ## - ADDED ENTRY ELEMENTS (KOHA)
Source of classification or shelving scheme Dewey Decimal Classification
Koha item type Books
Holdings
Lost status Source of classification or shelving scheme Damaged status Not for loan Collection code Permanent Location Current Location Shelving location Date acquired Source of acquisition Cost, normal purchase price Total Checkouts Full call number Date last seen Copy number Koha item type
  Dewey Decimal Classification     Non-fiction Central Library, University of Rajshahi Central Library, University of Rajshahi   05/01/1977 L. C 5.45   201.1 BLR 1974 09/04/2014 C-2 Books
  Dewey Decimal Classification     Non-fiction Central Library, University of Rajshahi Central Library, University of Rajshahi   01/06/1977 W. Heffer and Sons 10.50   201.1 BLR 1974 10/04/2014 C-7 Books